000 00673nam a2200169 a 4500
001 000035692
005 20230308115615.0
008 111108s2010 dr ac 000 0 spa d
040 _aDO-SdBNP
_bspa
_cBNPHU
110 1 _aRepública Dominicana.
_bComisionado de Apoyo a la Reforma y Modernización de la Justicia
_917179
245 1 0 _aAnteproyecto de ley que regula el sistema correcional en la República/ Dominicana. /
_ccoordinación Lino Vásquez Sámuel, Roberto Santana Sánchez.
260 _aSanto Domingo :
_bCONAREJ,
_c2010.
300 _a312 p. ;
_c23 cm.
700 1 2 _aVásquez Sámuel, Lino
_920067
700 1 2 _aSantana Sánchez, Roberto
_936882
049 _aBNPD
999 _c35183
_d35183